00833nam a2200205Ia 4500001000700000003000500007005001700012008004100029010001100070020001500081040001700096082003200113100004200145245011300187260004900300300001000349500018300359650004800542650003700590Z_1525CHAP20250116144851.0220113s1981 xx 000 0 und d a164613 a0309031850 aZcCHAPerda a636.0852 bN38 G63 1981220 aNational Research Council. Washington aNutrient requirements of goats : angora, dairy and meat goats in temperate and tropical countries /cby NRC aWashington :bNational Academy Press,c1981 a91 p. aej.1: fotocopias (documento original en formato electrónico, disponible en la página web de Nutrient Requirements of Animals Collection)\ ej.2: fotocopias \ ej.3: fotocopias aAlimentos y alimentación del ganado I. t. aGanado cabríoxAlimentación